000 00580nam a2200205Ia 4500
003 GCL
008 140319s9999 xx 000 0 ara d
040 _aGCL /
_cGCL
082 0 4 _a217.5
_bا م
100 1 _aامين الخولى
245 1 0 _aمن هدى القران فى رمضان /
_cامين الخولى
260 _a[S.N] :
_bالهيئة المصرية العامة للكتاب ،
_c1983
300 _a116 ص
490 _a
650 0 4 _aالاسلام
650 0 4 _aالصوم
650 0 4 _aالعبادات
650 0 4 _aالديانات
942 _2ddc
_cBK
999 _c29526
_d29526